|
|
|
|
| LEADER |
03388nam a22005895i 4500 |
| 001 |
978-0-306-47119-3 |
| 003 |
DE-He213 |
| 005 |
20151204175702.0 |
| 007 |
cr nn 008mamaa |
| 008 |
100301s1995 ne | s |||| 0|eng d |
| 020 |
|
|
|a 9780306471193
|9 978-0-306-47119-3
|
| 024 |
7 |
|
|a 10.1007/0-306-47119-1
|2 doi
|
| 040 |
|
|
|d GrThAP
|
| 050 |
|
4 |
|a QC176-176.9
|
| 072 |
|
7 |
|a PNFS
|2 bicssc
|
| 072 |
|
7 |
|a SCI077000
|2 bisacsh
|
| 082 |
0 |
4 |
|a 530.41
|2 23
|
| 100 |
1 |
|
|a Theuwissen, Albert J. P.
|e author.
|
| 245 |
1 |
0 |
|a Solid-State Imaging with Charge-Coupled Devices
|h [electronic resource] /
|c by Albert J. P. Theuwissen.
|
| 264 |
|
1 |
|a Dordrecht :
|b Springer Netherlands,
|c 1995.
|
| 300 |
|
|
|a XXVIII, 390 p.
|b online resource.
|
| 336 |
|
|
|a text
|b txt
|2 rdacontent
|
| 337 |
|
|
|a computer
|b c
|2 rdamedia
|
| 338 |
|
|
|a online resource
|b cr
|2 rdacarrier
|
| 347 |
|
|
|a text file
|b PDF
|2 rda
|
| 490 |
1 |
|
|a Solid-State Science and Technology Library,
|x 1383-7141 ;
|v 1
|
| 505 |
0 |
|
|a Fundamentals of Charge-Coupled Devices -- Into, Through and Out of a Charge-Coupled Device -- A Real CCD Delay Line -- Solid-State Imaging at a Glance -- Fundamentals of Solid-State Imaging -- Solid-State Imaging for Television Applications -- Advance Imaging: Light Sensitivity -- Advanced Imaging: Noise and Smear -- Advanced Imaging: Device Architectures -- Nonconsumer Imaging.
|
| 520 |
|
|
|a Solid-State Imaging with Charge-Coupled Devices covers the complete imaging chain: from the CCD's fundamentals to the applications. The book is divided into four main parts: the first deals with the basics of the charge-coupled devices in general. The second explains the imaging concepts in close relation to the classical television application. Part three goes into detail on new developments in the solid-state imaging world (light sensitivity, noise, device architectures), and part four rounds off the discussion with a variety of applications and the imager technology. The book is a reference work intended for all who deal with one or more aspects of solid- state imaging: the educational, scientific and industrial world. Graduates, undergraduates, engineers and technicians interested in the physics of solid-state imagers will find the answers to their imaging questions. Since each chapter concludes with a short section `Worth Memorizing', reading this short summary allows readers to continue their reading without missing the main message from the previous section.
|
| 650 |
|
0 |
|a Physics.
|
| 650 |
|
0 |
|a Radiology.
|
| 650 |
|
0 |
|a Condensed matter.
|
| 650 |
|
0 |
|a Solid state physics.
|
| 650 |
|
0 |
|a Spectroscopy.
|
| 650 |
|
0 |
|a Microscopy.
|
| 650 |
|
0 |
|a Electrical engineering.
|
| 650 |
|
0 |
|a Optical materials.
|
| 650 |
|
0 |
|a Electronic materials.
|
| 650 |
1 |
4 |
|a Physics.
|
| 650 |
2 |
4 |
|a Solid State Physics.
|
| 650 |
2 |
4 |
|a Spectroscopy and Microscopy.
|
| 650 |
2 |
4 |
|a Electrical Engineering.
|
| 650 |
2 |
4 |
|a Optical and Electronic Materials.
|
| 650 |
2 |
4 |
|a Condensed Matter Physics.
|
| 650 |
2 |
4 |
|a Diagnostic Radiology.
|
| 710 |
2 |
|
|a SpringerLink (Online service)
|
| 773 |
0 |
|
|t Springer eBooks
|
| 776 |
0 |
8 |
|i Printed edition:
|z 9780792334569
|
| 830 |
|
0 |
|a Solid-State Science and Technology Library,
|x 1383-7141 ;
|v 1
|
| 856 |
4 |
0 |
|u http://dx.doi.org/10.1007/0-306-47119-1
|z Full Text via HEAL-Link
|
| 912 |
|
|
|a ZDB-2-PHA
|
| 912 |
|
|
|a ZDB-2-BAE
|
| 950 |
|
|
|a Physics and Astronomy (Springer-11651)
|